| 000 | 01416nam a22002417a 4500 | ||
|---|---|---|---|
| 005 | 20260127150306.0 | ||
| 008 | 230718b ||||| |||| 00| 0 eng d | ||
| 040 |
_cSSBUL _dSSBUL |
||
| 082 |
_223 _a၉၅၉.၁၁၁ မင်း ၁၅၉၉၇ (S-SAT) |
||
| 100 |
_aမင်းနိုင်၊ _cဦး။ _914538 |
||
| 245 | 1 | 0 |
_aသွေးချင်းတို့ ပျော်သည့်မြေ / _cဦးမင်းနိုင်။ |
| 260 |
_aရန်ကုန်၊ _bစာပေဗိမာန်၊ _c၁၉၆၈။ |
||
| 300 |
_a၂၅၁ စာမျက်နှာ၊ _bဓာတ်ပုံများ၊ _c၁၈ စင်တီ။ |
||
| 440 |
_aစာပေဗိမာန် ပြည်သူ့လက်စွဲစာစဉ်။ _928105 |
||
| 500 | _a၁၉၆၃ ခုနှစ်အနုပညာစာပေဆု စာပဒေသာတတိယဆုရစာအုပ်ဖြစ်ပါသည်။ | ||
| 500 | _aS-SAT: Dr. Prof Sai Aung Tun | ||
| 504 | _6ကျမ်းကိုးစာရင်းပါရှိသည်။ | ||
| 650 |
_aကချင်တိုင်းရင်းသား။ _928106 |
||
| 650 |
_aယဉ်ကျေးမှုနှင့် ဓလေ့ထုံးစံ။ _927971 |
||
| 650 |
_aကချင်ပြည်နယ်။ _928107 |
||
| 650 |
_aမြန်မာနိုင်ငံ။ _928108 |
||
| 942 |
_2ddc _cBK1 |
||
| 999 |
_c27291 _d27291 |
||